000 00423nam a2200181Ia 4500
001 13603
005 20260306164813.0
008 260306t2006||||xx |||||||||||||| ||spa||
041 _aESP
082 _a005.1
_bC264
100 _aCohn, Mike
_eAUT
245 0 _aAgile estimating and planning
260 _c2006
300 _axxx, 330 páginas :
_c23 cm.
650 _aGEN
654 _aCCC
942 _cLIB
_dJUS
_fJUS
_2ddc
_n
999 _c13603
_d13603